UBT Library

Writing essays about literature : (Record no. 42687)

000 -LEADER
fixed length control field 00715cam a22002414a 4500
001 - CONTROL NUMBER
control field 12195276
005 - DATE AND TIME OF LATEST TRANSACTION
control field 20180215085537.0
008 - FIXED-LENGTH DATA ELEMENTS--GENERAL INFORMATION
fixed length control field 001004s2002 txu b 001 0 eng
010 ## - LIBRARY OF CONGRESS CONTROL NUMBER
LC control number 00109639
020 ## - INTERNATIONAL STANDARD BOOK NUMBER
International Standard Book Number 015506617X
040 ## - CATALOGING SOURCE
Original cataloging agency DLC
Transcribing agency DLC
Modifying agency DLC
041 ## - LANGUAGE CODE
Language code of text/sound track or separate title eng
042 ## - AUTHENTICATION CODE
Authentication code pcc
080 ## - UNIVERSAL DECIMAL CLASSIFICATION NUMBER
Universal Decimal Classification number 808.0668 GRI
082 00 - DEWEY DECIMAL CLASSIFICATION NUMBER
Classification number 808.0668 GRI
Edition number 21
100 1# - Rafti
Rafti 21
101 ## - Shkurtesa
Shkurtesa GJL
245 10 - TITLE STATEMENT
Title Writing essays about literature :
Statement of responsibility, etc Kelley Griffith.
504 ## - BIBLIOGRAPHY, ETC. NOTE
Bibliography, etc Includes bibliographical references and indexes.
906 ## - LOCAL DATA ELEMENT F, LDF (RLIN)
a 7
b cbc
c orignew
d 3
e epcn
f 20
g y-gencatlg
942 ## - ADDED ENTRY ELEMENTS (KOHA)
Source of classification or shelving scheme
Item type Books
Holdings
Withdrawn status Lost status Source of classification or shelving scheme Damaged status Not for loan Collection code Permanent location Current location Shelving location Date acquired Total Checkouts Full call number Barcode Date last seen Price effective from Koha item type
          Koleksioni i përgjithshem UBT - Lipjan UBT - Lipjan Koleksioni i përgjithshem 02/15/2018   808.0668 GRI 002-2998490 02/15/2018 02/15/2018 Books
UBT Library © 2015-2024. All rights reserved University Education for Business and Technology